000 00432nam a2200181Ia 4500
001 21479
005 20260306172922.0
008 260306t2005||||xx |||||||||||||| ||spa||
041 _aESP
082 _a345.1
_bC6 C73
100 _aPerú. Ministerio de Justicia
_eAUT
245 0 _aCódigo procesal penal
260 _c2005
300 _a345 páginas :
_c21 cm.
650 _aGEN
654 _aCDE
942 _cLIB
_dJUS
_fJUS
_2ddc
_n
999 _c21479
_d21479